| 000 -LEADER |
| fixed length control field |
01577aam a2200469 i 4500 |
| 001 - CONTROL NUMBER |
| control field |
020066214 |
| 003 - CONTROL NUMBER IDENTIFIER |
| control field |
Uk |
| 005 - DATE AND TIME OF LATEST TRANSACTION |
| control field |
20230111150747.0 |
| 006 - FIXED-LENGTH DATA ELEMENTS--ADDITIONAL MATERIAL CHARACTERISTICS |
| fixed length control field |
m || d | |
| 007 - PHYSICAL DESCRIPTION FIXED FIELD--GENERAL INFORMATION |
| fixed length control field |
cr ||||||||||| |
| 008 - FIXED-LENGTH DATA ELEMENTS--GENERAL INFORMATION |
| fixed length control field |
201218r20202009enka jo 000 1 eng |
| 015 ## - NATIONAL BIBLIOGRAPHY NUMBER |
| National bibliography number |
GBC123585 |
| Source |
bnb |
| 020 ## - INTERNATIONAL STANDARD BOOK NUMBER |
| Qualifying information |
paperback |
| International Standard Book Number |
9781847802064 |
| 037 ## - SOURCE OF ACQUISITION |
| Stock number |
9780711261648 |
| Source of stock number/acquisition |
Ingram Content Group |
| 040 ## - CATALOGING SOURCE |
| Original cataloging agency |
Uk |
| Language of cataloging |
eng |
| Transcribing agency |
Uk |
| Description conventions |
rda |
| Modifying agency |
KH8 |
| 042 ## - AUTHENTICATION CODE |
| Authentication code |
ukblcatcopy |
| 082 04 - DEWEY DECIMAL CLASSIFICATION NUMBER |
| Classification number |
297.362 ROB |
| Edition number |
22 |
| 100 1# - MAIN ENTRY--PERSONAL NAME |
| Personal name |
Robert, Na'íma bint, |
| Relator term |
author. |
| 245 10 - TITLE STATEMENT |
| Title |
Ramadan Moon / |
| Statement of responsibility, etc. |
Na'ima B. Robert ; [illustrated by] Shirin Adl. |
| 264 #1 - PRODUCTION, PUBLICATION, DISTRIBUTION, MANUFACTURE, AND COPYRIGHT NOTICE |
| Place of production, publication, distribution, manufacture |
London : |
| Name of producer, publisher, distributor, manufacturer |
Frances Lincoln Children's Books, |
| Date of production, publication, distribution, manufacture, or copyright notice |
[2020?] |
| 264 #4 - PRODUCTION, PUBLICATION, DISTRIBUTION, MANUFACTURE, AND COPYRIGHT NOTICE |
| Date of production, publication, distribution, manufacture, or copyright notice |
©2009 |
| 300 ## - PHYSICAL DESCRIPTION |
| Extent |
1 online resource : |
| Other physical details |
illustrations (colour) |
| 336 ## - CONTENT TYPE |
| Content type term |
text |
| Source |
rdacontent |
| 337 ## - MEDIA TYPE |
| Media type term |
computer |
| Source |
rdamedia |
| 338 ## - CARRIER TYPE |
| Carrier type term |
online resource |
| Source |
rdacarrier |
| 500 ## - GENERAL NOTE |
| General note |
Originally published: 2009. |
| 650 #0 - SUBJECT ADDED ENTRY--TOPICAL TERM |
| Topical term or geographic name entry element |
Ramadan |
| Form subdivision |
Pictorial works |
| -- |
Juvenile literature. |
| 650 #0 - SUBJECT ADDED ENTRY--TOPICAL TERM |
| Topical term or geographic name entry element |
ʻĪd al-Fiṭr |
| Form subdivision |
Pictorial works |
| -- |
Juvenile literature. |
| 650 #1 - SUBJECT ADDED ENTRY--TOPICAL TERM |
| Topical term or geographic name entry element |
Ramadan. |
| 650 #1 - SUBJECT ADDED ENTRY--TOPICAL TERM |
| Topical term or geographic name entry element |
Fasts and feasts |
| General subdivision |
Islam. |
| 650 #7 - SUBJECT ADDED ENTRY--TOPICAL TERM |
| Topical term or geographic name entry element |
Non-Fiction 5+. |
| Source of heading or term |
eflch |
| 650 #7 - SUBJECT ADDED ENTRY--TOPICAL TERM |
| Topical term or geographic name entry element |
Religion and belief. |
| Source of heading or term |
eflch |
| 650 #7 - SUBJECT ADDED ENTRY--TOPICAL TERM |
| Topical term or geographic name entry element |
ʻĪd al-Fiṭr. |
| Source of heading or term |
fast |
| Authority record control number or standard number |
(OCoLC)fst01185077 |
| 650 #7 - SUBJECT ADDED ENTRY--TOPICAL TERM |
| Topical term or geographic name entry element |
Ramadan. |
| Source of heading or term |
fast |
| Authority record control number or standard number |
(OCoLC)fst01089664 |
| 655 #4 - INDEX TERM--GENRE/FORM |
| Genre/form data or focus term |
Children's nonfiction. |
| Institution to which field applies |
NZ-WeK |
| 655 #4 - INDEX TERM--GENRE/FORM |
| Genre/form data or focus term |
Electronic books. |
| 655 #7 - INDEX TERM--GENRE/FORM |
| Genre/form data or focus term |
Juvenile works. |
| Source of term |
fast |
| Authority record control number or standard number |
(OCoLC)fst01411637 |
| 655 #7 - INDEX TERM--GENRE/FORM |
| Genre/form data or focus term |
Pictorial works. |
| Source of term |
fast |
| Authority record control number or standard number |
(OCoLC)fst01423874 |
| 700 1# - ADDED ENTRY--PERSONAL NAME |
| Personal name |
Adl, Shirin, |
| Relator term |
illustrator. |
| 903 ## - LOCAL DATA ELEMENT C, LDC (RLIN) |
| a |
ELD.DS.588903 |
| 942 ## - ADDED ENTRY ELEMENTS (KOHA) |
| Source of classification or shelving scheme |
|
| Koha item type |
Books - Non Ficton |